Die Steuerfahndung
| Main Author: | |
|---|---|
| Format: | Print Book |
| Language: | German |
| Published: |
Köln
O. Schmidt
1993
|
| In: |
Rechtsschutz und Gestaltung im Unternehmensrecht, Steuerrecht und Steuerstrafrecht (1)
Year: 1993 |
| Edition: | 2., neubearb. Aufl. |
| Online Access: |
Table of Contents Table of Contents |
| Check availability: | HBZ Gateway |
| Subito Delivery Service: | Order now. |
| Keywords: |
MARC
| LEADER | 00000cam a2200000 c 4500 | ||
|---|---|---|---|
| 001 | 120843978 | ||
| 003 | DE-627 | ||
| 005 | 20260206193928.0 | ||
| 007 | tu | ||
| 008 | 930123s1993 gw ||||| 00| ||ger c | ||
| 015 | |a 92,N50,0296 |2 dnb | ||
| 015 | |a 93,A13,0526 |2 dnb | ||
| 016 | 7 | |a 930039246 |2 DE-101 | |
| 020 | |a 3504623071 |c : DM 98.00 (Kunststoff) |9 3-504-62307-1 | ||
| 035 | |a (DE-627)120843978 | ||
| 035 | |a (DE-603)022683992 | ||
| 035 | |a (DE-576)03176004X | ||
| 035 | |a (DE-599)GBV120843978 | ||
| 035 | |a (OCoLC)75334724 | ||
| 035 | |a (OCoLC)75334724 | ||
| 040 | |a DE-627 |b ger |c DE-627 |e rakwb | ||
| 041 | |a ger | ||
| 044 | |c XA-DE | ||
| 084 | |a 19 |a 17 |2 sdnb | ||
| 084 | |a PP 3594 |2 rvk |0 (DE-625)rvk/138505:282 | ||
| 084 | |a QL 500 |2 rvk |0 (DE-625)rvk/141731: | ||
| 084 | |a 86.73 |2 bkl | ||
| 084 | |a 86.38 |2 bkl | ||
| 100 | 1 | |a Streck, Michael |d 1941-2021 |0 (DE-588)115872965 |0 (DE-627)07752635X |0 (DE-576)163221766 |4 aut | |
| 109 | |a Streck, Michael 1941-2021 | ||
| 245 | 1 | 4 | |a Die Steuerfahndung |c von Michael Streck |
| 250 | |a 2., neubearb. Aufl. | ||
| 264 | 1 | |a Köln |b O. Schmidt |c 1993 | |
| 300 | |a 288 S. |b graph. Darst. |c 21 cm | ||
| 336 | |a Text |b txt |2 rdacontent | ||
| 337 | |a ohne Hilfsmittel zu benutzen |b n |2 rdamedia | ||
| 338 | |a Band |b nc |2 rdacarrier | ||
| 490 | 1 | |a Rechtsschutz und Gestaltung im Unternehmensrecht, Steuerrecht und Steuerstrafrecht |v 1 | |
| 583 | 1 | |a Archivierung prüfen |c 20240324 |f DE-4165 |z 2 |2 pdager | |
| 689 | 0 | 0 | |d s |0 (DE-588)4057431-3 |0 (DE-627)106151002 |0 (DE-576)20912198X |a Steuerfahndung |2 gnd |
| 689 | 0 | |5 DE-101 | |
| 689 | 1 | 0 | |d s |0 (DE-588)4057431-3 |0 (DE-627)106151002 |0 (DE-576)20912198X |a Steuerfahndung |2 gnd |
| 689 | 1 | |5 (DE-627) | |
| 830 | 0 | |a Rechtsschutz und Gestaltung im Unternehmensrecht, Steuerrecht und Steuerstrafrecht |v 1 |9 1.1993 |w (DE-627)226476138 |w (DE-576)031909582 |w (DE-600)1377585-6 |7 am | |
| 856 | 4 | 2 | |u http://www.gbv.de/dms/hbz/toc/ht004415463.pdf |m V:DE-605 |q pdf/application |v 2008-11-15 |x Verlag |y Inhaltsverzeichnis |3 Inhaltsverzeichnis |7 1 |
| 856 | 4 | 2 | |u http://scans.hebis.de/HEBCGI/show.pl?02268399_toc.pdf |m V:DE-605 |q application/pdf |3 Inhaltsverzeichnis |7 1 |
| 935 | |h HEB |i 0501 | ||
| 935 | |h HEB |i 0503 | ||
| 936 | r | v | |a PP 3594 |b Gesamtdarstellungen |k Rechtswissenschaft |k Finanz-, Steuer- und Zollrecht |k Steuerrecht |k Steuerliches Verfahrensrecht |k Abgabenordnung |k Durchführung der Besteuerung (§§ 134 - 217) |k Steuerfahndung (§§ 208 - 217) |k Gesamtdarstellungen |0 (DE-627)139905256X |0 (DE-625)rvk/138505:282 |0 (DE-576)32905256X |
| 936 | r | v | |a QL 500 |b Allgemeines |k Wirtschaftswissenschaften |k Finanzwissenschaft. Betriebswirtschaftliche Steuerlehre |k Allgemeine Steuerlehre, Steuersystem einzelner Länder |k Steuerrecht |k Allgemeines |0 (DE-627)1271357550 |0 (DE-625)rvk/141731: |0 (DE-576)201357550 |
| 936 | b | k | |a 86.73 |j Steuerrecht |0 (DE-627)106413287 |
| 936 | b | k | |a 86.38 |j Nebenstrafrecht |0 (DE-627)106412752 |
| 936 | s | n | |a q100 |2 mzub |
| 936 | s | n | |a p100 |2 mzub |
| 951 | |a BO | ||
| ELC | |b 1 | ||
| LOK | |0 000 xxxxxcx a22 zn 4500 | ||
| LOK | |0 001 3161930290 | ||
| LOK | |0 003 DE-627 | ||
| LOK | |0 004 120843978 | ||
| LOK | |0 005 20151116140049 | ||
| LOK | |0 008 150728||||||||||||||||ger||||||| | ||
| LOK | |0 035 |a (DE-21-110)kd9898 | ||
| LOK | |0 040 |a DE-21-110 |c DE-627 |d DE-21-110 | ||
| LOK | |0 689 |a s |a Steuerfahndung | ||
| LOK | |0 852 |z Kein Bestand am IfK; Nachweis für KrimDok | ||
| LOK | |0 852 |a DE-21-110 | ||
| LOK | |0 852 1 |9 00 | ||
| LOK | |0 935 |a k110 | ||
| LOK | |0 939 |a 28-07-15 |b l01 | ||
| ORI | |a SA-MARC-krimdoka001.raw | ||
